000 00711naa a2200229 i 4500
001 101802
003 ES-MaBCM
005 20241016135654.0
008 041027s2004 fra 000 0 fre d
021 _axx
035 _a(OCoLC)1365212740
040 _cES-MaBCM
041 0 _afre
043 _afra
100 1 _aBeaumelou, Fabienne
_94125
245 1 0 _aSlovénie 2003-2004
_b: oui à l'Europe, sans illusions
_cFabienne Beaumelou, Urska Planinsec
651 2 0 _aEslovenia
_9117322
650 2 7 _aSituación política
_960283
700 1 _aPlaninsec, Urska
_937282
773 0 _aEn:
_tLe courrier des Pays de l'Est
_dParis : 2004
_w104826
_gnº 1.044, juil.-août, p. 235-247. - Loc. S.328
942 _cAREV
999 _c101802
_d101802